2019/20 Football League Winners - Statistics

General Stats
  • This quiz has been taken 27 times
  • The average score is 11 of 15
Answer Stats
Hint Answer % Correct
Bundesliga Bayern Munich
100%
Serie A Juventus
100%
Premier League Liverpool
100%
Ligue 1 Paris Saint Germain
100%
La Liga Real Madrid
100%
Eredivisie Ajax
96%
Primeira Liga Porto
88%
Greece Super League Olympiacos
71%
Ukrainian Premier League Shakhtar Donetsk
58%
Swiss Super League Young Boys
58%
Russian Premier League Zenit Saint Petersburg
58%
Danish Superliga Midtjylland
54%
Belgian Pro League Club Brugge
50%
Super Lig (Turkey) Istanbul Basaksehir
46%
Austrian Bundesliga LASK
25%
No matching quizzes found
Score Distribution
Percent of People with Each Score
Percentile by Number Answered
Your Score History
You have not taken this quiz